|
|
|
|
| LEADER |
00000cam a2200000 7i4500 |
| 001 |
0000002964 |
| 005 |
20160330.0 |
| 008 |
070629 |
| 020 |
|
|
|a 9833653162
|
| 090 |
0 |
0 |
|a NOO
|b MAL (2393)
|
| 100 |
0 |
|
|a Noor Halilah Halim
|
| 245 |
1 |
0 |
|a Oren! :
|b Warna hidupku
|c Noor Halilah Mohd.Halim
|
| 260 |
|
|
|a Selangor :
|b PTS One ,
|c 2006
|
| 500 |
|
|
|a Teenager ages 13-18 years old (blue)
|
| 650 |
|
0 |
|a Malay fiction
|
| 999 |
|
|
|a 0000954959
|b Book
|c Teenagers
|e Perbadanan Perpustakaan Awam Johor
|
| 999 |
|
|
|a 0000954960
|b Book
|c Teenagers
|e Perbadanan Perpustakaan Awam Johor
|
| 999 |
|
|
|a 0000954961
|b Book
|c Teenagers
|e Perbadanan Perpustakaan Awam Johor
|
| 999 |
|
|
|a 0000954962
|b Book
|c Teenagers
|e Perbadanan Perpustakaan Awam Johor
|
| 999 |
|
|
|a 0000954963
|b Book
|c Teenagers
|e Perbadanan Perpustakaan Awam Johor
|